Revisitando o instituto da desapropriação / (Record no. 331)

MARC details
000 -LÍDER
Campo Fixo de Controle 00887cam a2200265 a 4500
001 - NÚMERO DE CONTROLE
Campo de Controle 331
003 - IDENTIFICAÇÃO DO NÚMERO DE CONTROLE
Campo de Controle BR-CuiBMT
005 - DATA E HORA DA ÚLTIMA ATUALIZAÇÃO
Campo de Controle 20231108213615.0
008 - DADOS FIXOS
Dados Fixos 231030s2009 mgba 000 0 por d
020 ## - INTERNATIONAL STANDARD BOOK NUMBER
Nº do ISBN 9788577002344
040 ## - AGÊNCIA CATALOGADORA
Código da Agência Catalogadora BR-CuiBMT
Agência que transcreveu o registro BR-CuiBMT
080 ## - Nº DA CLASSIFICAÇÃO DECIMAL UNIVERSAL
Nº edição CDU 2007
Nº Class. CDU 347.234
090 ## - NÚMERO DE CHAMADA
Nº classificação 347.234
Cutter R454
245 00 - TÍTULO PRINCIPAL
Título principal Revisitando o instituto da desapropriação /
Indicação de responsabilidade Edésio Fernandes, Betânia Alfonsin, coordenadores ; [autores Adriana Nogueira Vieira Lima ... et al.].
260 ## - PUBLICAÇÃO, DISTRIBUIÇÃO, ETC.
Local de publicação Belo Horizonte :
Editora Fórum,
Data 2009.
300 ## - DESCRIÇÃO FÍSICA
N. páginas ou volumes 352 p. ;
Dimensões 24 cm
500 ## - NOTAS GERAIS
Notas gerais Informações de autoria retiradas da capa.
504 ## - NOTA DE BIBLIOGRAFIA, ETC.
Nota de bibliografia Inclui bibliografia.
650 ## - ASSUNTO TÓPICO
Cabeçalho tópico ou nome geográfico Direito urbanístico
650 ## - ASSUNTO TÓPICO
Cabeçalho tópico ou nome geográfico Desapropriação
700 1# - ENTRADA SECUNDÁRIA -- NOME PESSOAL
Nome pessoal Fernandes, Edésio
Cód. do termo explicativo coord.
700 1# - ENTRADA SECUNDÁRIA -- NOME PESSOAL
Nome pessoal Alfonsin, Betânia
Cód. do termo explicativo coord.
700 1# - ENTRADA SECUNDÁRIA -- NOME PESSOAL
Nome pessoal Lima, Adriana Nogueira Vieira
Termo de relação et al.
-- autores
942 ## - ELEMENTOS DE ENTRADA ADICIONAIS (KOHA)
Fonte de classificação ou esquema de arquivamento Classificação Decimal Universal
Tipo de item do Koha Livros
Holdings
Estado: removido Estado: perdido Fonte de classificação ou esquema de arquivamento Estado: danificado Indisponível para empréstimo Localização permanente Localização atual Data de aquisição Total Checkouts Número de Chamada completo Código de barras Date last seen Número do exemplar Preço efetivo a partir de Tipo de item (Koha)
    Classificação Decimal Universal     Biblioteca da Escola Superior de Contas do TCE/MT Biblioteca da Escola Superior de Contas do TCE/MT 28/07/2023   347.234 R454 BIBTCEMT23100043 30/10/2023 Ex. 1 30/10/2023 Livros
    Classificação Decimal Universal     Biblioteca da Escola Superior de Contas do TCE/MT Biblioteca da Escola Superior de Contas do TCE/MT 28/07/2023   347.234 R454 BIBTCEMT23100044 30/10/2023 Ex. 2 30/10/2023 Livros

Powered by Koha